[Event "Tenerife op 19th"]
[Site "Tenerife"]
[Date "2009.01.13"]
[Round "8"]
[White "Garcia Rodriguez, Pedro Leopoldo"]
[Black "Pinto Henriquez, Rodrigo"]
[Result "0-1"]
[WhiteElo "1777"]
[BlackElo "2185"]
[PlyCount "108"]
[EventDate "2008.12.29"]
[EventType "swiss"]
[EventRounds "9"]
[EventCountry "ESP"]
[SourceTitle "CBM 128 Extra"]
[Source "ChessBase"]
[SourceDate "2009.03.05"]
[SourceVersion "2"]
[SourceVersionDate "2009.03.25"]
[SourceQuality "1"]

1. c4 Nf6 2. Nf3 e6 3. d4 b6 4. Nc3 Bb4 5. e3 Bb7 6. Bd3 0-0 7. 0-0 Bxc3 8. bxc3 d6 9. Nd2 e5 10. e4 Re8 11. f3 Nc6 12. d5 Ne7 13. Rf2 Ng6 14. g3 Bc8 15. Nf1 h6 16. Bd2 Nd7 17. Ne3 Nc5 18. Qe2 Qf6 19. h4 Qd8 20. Bc2 Nf8 21. Kg2 Nh7 22. Rh1 Nf6 23. h5 Bd7 24. g4 Nh7 25. Nf5 Ng5 26. Be3 Bxf5 27. gxf5 f6 28. Qd1 Rf8 29. Ba4 Rb8 30. Rb2 Nb7 31. Bc6 Na5 32. Qa4 Qe7 33. Rhb1 Qf7 34. Rh1 Rfd8 35. Kg3 Kh7 36. Kf2 Rf8 37. Rbb1 Qe7 38. Rb2 Nf7 39. Rg1 Nd8 40. Bd7 Nxc4 41. Qxc4 Qxd7 42. Qf1 Nf7 43. Qa6 Qc8 44. Qb5 a6 45. Qf1 Ng5 46. Bxg5 fxg5 47. Qc4 b5 48. Qb4 Qb7 49. a4 Qa7+ 50. Kg2 bxa4 51. Qa3 Qc5 52. Ra2 Qc4 53. Rga1 Rb3 54. Rc1 Rxa3 0-1

[Event "Tenerife op 19th"]
[Site "Tenerife"]
[Date "2009.01.12"]
[Round "7"]
[White "Henriquez Garcia, David"]
[Black "Garcia Rodriguez, Pedro Leopoldo"]
[Result "0-1"]
[WhiteElo "2140"]
[BlackElo "1777"]
[PlyCount "94"]
[EventDate "2008.12.29"]
[EventType "swiss"]
[EventRounds "9"]
[EventCountry "ESP"]
[SourceTitle "CBM 128 Extra"]
[Source "ChessBase"]
[SourceDate "2009.03.05"]
[SourceVersion "2"]
[SourceVersionDate "2009.03.25"]
[SourceQuality "1"]

1. e4 e6 2. d3 d5 3. Nd2 c5 4. g3 Nf6 5. Bg2 Nc6 6. Ngf3 g6 7. 0-0 Bg7 8. Re1 0-0 9. c3 b6 10. e5 Nd7 11. d4 a5 12. Nf1 b5 13. Bf4 Ba6 14. Qd2 cxd4 15. cxd4 Qe7 16. Rac1 Rfc8 17. Rc2 Rc7 18. Rec1 Rac8 19. Ne1 Nb6 20. b3 Bf8 21. Bg5 Qb4 22. Qxb4 Bxb4 23. Bd8 Nxd8 24. Rxc7 Rxc7 25. Rxc7 Bxe1 26. Rc1 Bb4 27. Ne3 Bd2 28. Rc2 Bxe3 29. fxe3 Bb7 30. Rc5 Bc6 31. Bf1 Nd7 32. Rc2 Kf8 33. a4 bxa4 34. bxa4 Bxa4 35. Rc8 Ke7 36. Ra8 Nc6 37. Kf2 Nb6 38. Ra6 Nc4 39. e4 Bb5 40. Ra8 dxe4 41. Be2 Kd7 42. Ke1 Kc7 43. g4 e3 44. h4 Nxd4 45. Ra7+ Kb6 46. Rxf7 Nxe2 47. Rxh7 Nxe5 0-1

[Event "Tenerife op 19th"]
[Site "Tenerife"]
[Date "2009.01.08"]
[Round "5"]
[White "Cabrera Trujillo, Jorge Juan"]
[Black "Garcia Rodriguez, Pedro Leopoldo"]
[Result "1/2-1/2"]
[WhiteElo "2439"]
[BlackElo "1777"]
[PlyCount "69"]
[EventDate "2008.12.29"]
[EventType "swiss"]
[EventRounds "9"]
[EventCountry "ESP"]
[SourceTitle "CBM 128 Extra"]
[Source "ChessBase"]
[SourceDate "2009.03.05"]
[SourceVersion "2"]
[SourceVersionDate "2009.03.25"]
[SourceQuality "1"]

1. e4 e6 2. d4 d5 3. Nd2 c5 4. Ngf3 Nf6 5. exd5 Qxd5 6. Bc4 Qd6 7. dxc5 Qxc5 8. 0-0 Bd6 9. Qe2 a6 10. Nb3 Qc7 11. Nbd4 0-0 12. Bg5 b5 13. Bd3 Nbd7 14. c3 Bb7 15. Rad1 Bd5 16. Bb1 Bc4 17. Bd3 Rac8 18. Bxc4 Qxc4 19. Qxc4 Rxc4 20. Nxe6 Bxh2+ 21. Kxh2 fxe6 22. Rfe1 Nc5 23. Rd4 Rxd4 24. cxd4 Nd3 25. Rxe6 Nxf2 26. Rxa6 N6g4+ 27. Kg3 h6 28. Be7 Rf5 29. Ra8+ Kh7 30. Rf8 Rd5 31. Rd8 Rf5 32. d5 g5 33. d6 Kg6 34. Rf8 Kh5 35. Rxf5 1/2-1/2